000 00303 a2200121 4500
000 nam a22 7a 4500
005 20251203111309.0
020 _a9789776415232
100 _aZaki Mubarak
_9853999
245 _aHubb Ibne abi rabiya wa sher
260 _bShirkat nawabagh al-fikr
_c2014
942 _cTB
999 _c1465773
_d1465773